Normal view
MARC view
- SAARC Energy Centre
Entry Personal Name
001 - CONTROL NUMBER
- control field: 31481
003 - CONTROL NUMBER IDENTIFIER
- control field: NUST
005 - DATE AND TIME OF LATEST TRANSACTION
- control field: 20201014105357.0
008 - FIXED-LENGTH DATA ELEMENTS
- fixed length control field: 201014|| aca||aabn | a|a d
040 ## - CATALOGING SOURCE
- Original cataloging agency: NUST
- Transcribing agency: NUST
100 ## - HEADING--PERSONAL NAME
- Personal name: SAARC Energy Centre
670 ## - SOURCE DATA FOUND
- Source citation: Work cat.: (NUST): SAARC Energy Centre., Development of Roadmap for implementation of Smart Grid:
